Resurgent antisemitism (Record no. 1596)
[ view plain ]
| 000 -LEADER | |
|---|---|
| fixed length control field | 01663nam a2200349Ia 4500 |
| 082 04 - DEWEY DECIMAL CLASSIFICATION NUMBER | |
| Classification number | 305.892/4 |
| 245 00 - TITLE STATEMENT | |
| Title | Resurgent antisemitism |
| 260 ## - PUBLICATION, DISTRIBUTION, ETC. (IMPRINT) | |
| Place of publication | Bloomington : |
| Name of publisher | Indiana University Press, |
| Year of publication | c2013. |
| 300 ## - PHYSICAL DESCRIPTION | |
| Number of Pages | 561 p. |
| 490 0# - SERIES STATEMENT | |
| Series statement | Studies in antisemitism |
| 500 ## - GENERAL NOTE | |
| General note | "The scholarly papers collected in this book originated in the inaugural conference of Indiana University's newly established Institute for the Study of Contemporary Antisemitism held in Bloomington in April 2011"--Introduction. |
| 650 #0 - SUBJECT ADDED ENTRY--TOPICAL TERM | |
| Topical Term | Antisemitism |
| Topical Term | Jews |
| 700 12 - ADDED ENTRY--PERSONAL NAME | |
| Personal name | Rosenfeld, Alvin H. |
| Personal name | Rosenfeld, Alvin H. |
| 856 40 - ELECTRONIC LOCATION AND ACCESS | |
| Uniform Resource Identifier | http://site.ebrary.com/lib/rucke/Doc?id=10714588 |
No items available.
